000 01458cam a22003857a 4500
003 CHAP
005 20220329134903.0
008 971013d1981 mx ab r 00110 spa d
010 _a27535
011 _a28507
035 _a32611
040 _cCHAP
090 _aFolleto 7208
110 0 _aINIA. México. Campo Agrícola Experimental General Terán
_958490
245 1 0 _aLogros y aportaciones de la investigación agrícola en el estado de Nuevo León
_c/por Instituto Nacional de Investigaciones Agrícolas
260 _aGeneral Terán, N.L. :
_bINIA. Campo Agrícola Experimental General Teran,
_c1981.
300 _a38 p. :
_bilus.
410 2 1 _aINIA
490 0 _aPublicación especial
_v; 1
590 _aBATCH-UPD
_b10
_c20130110
_lUCH01
_h0146
590 _aBATCH-UPD
_b10
_c20130110
_lUCH01
_h1251
590 _aBATCH-UPD
_b10
_c20130409
_lUCH01
_h2145
590 _aBATCH-UPD
_b10
_c20130410
_lUCH01
_h0813
590 _aBATCH-UPD
_b10
_c20130913
_lUCH01
_h2102
590 _aCONVERSION
_b10
_c20130109
_lUCH01
_h1316
650 1 4 _aAgricultura
_xInvestigación
_xNuevo León.
_91652
650 1 4 _aAgricultura
_xNuevo León.
_91755
810 0 0 _aINIA
_958414
830 0 _aPublicación especial
_v; 1
_992760
901 _aBK
942 _cFOLL
949 _aFolleto 7208
_bBC
_cFOLL
_d-75951
_eTS1
_i32611
_mD
_si
949 _aFolleto 7208
_bBC
_cFOLL
_d-75953
_eTS2
_fc.2
_i32611
_mD
_si
949 _aFolleto 7208
_bBC
_cFOLL
_d326113
_eTS2
_fc.3
_i32611
_kDonaciØn
_st
999 _c27535
_d27535